[Event "Moscow-chT"]
[Site "Moscow"]
[Date "2018.09.20"]
[Round "1.2"]
[White "Kovtunenko, Alexandr"]
[Black "Afanasiev, Nikita"]
[Result "0-1"]
[WhiteElo "2139"]
[BlackElo "2487"]
[PlyCount "84"]
[EventDate "2018.09.20"]
[EventType "team-swiss"]
[EventRounds "7"]
[EventCountry "RUS"]
[SourceTitle "CBM 186 Extra"]
[Source "ChessBase"]
[SourceDate "2018.08.24"]
[SourceVersion "1"]
[SourceVersionDate "2018.08.24"]
[SourceQuality "1"]
[WhiteTeam "Severo Vostok"]
[BlackTeam "Perovo"]
[WhiteTeamCountry "RUS"]
[BlackTeamCountry "RUS"]

1. e4 c5 2. Nf3 e6 3. d4 cxd4 4. Nxd4 Nc6 5. Nc3 Qc7 6. g3 a6 7. Bg2 Nf6 8. 0-0 h5 9. h3 Bc5 10. Nb3 Be7 11. Bf4 d6 12. a4 Bd7 13. Nc5 Ne5 14. Nxd7 Nfxd7 15. Qc1 Rc8 16. Bg5 Qd8 17. Bxe7 Qxe7 18. f4 Nc6 19. Qd2 Nb6 20. b3 0-0 21. Qf2 Nd7 22. Nd1 Nf6 23. Ne3 b5 24. g4 g6 25. axb5 axb5 26. g5 Nd7 27. Rfd1 Rfd8 28. Ra6 Nc5 29. Rb6 Na7 30. Qd2 d5 31. exd5 Qc7 32. Qa5 Rd6 33. Rxb5 Nxb5 34. Qxb5 Qa7 35. Kh1 Ne4 36. Re1 Qd4 37. dxe6 Rxe6 38. f5 Ng3+ 39. Kh2 Nxf5 40. Nxf5 Qf4+ 41. Ng3 Rxe1 42. Qd7 Rce8 0-1

[Event "Moscow op-A"]
[Site "Moscow"]
[Date "2016.02.02"]
[Round "4"]
[White "Kovtunenko, Alexandr"]
[Black "Chos, Alexey"]
[Result "1-0"]
[WhiteElo "2158"]
[BlackElo "2348"]
[PlyCount "133"]
[EventDate "2016.01.30"]
[EventType "swiss"]
[EventRounds "9"]
[EventCountry "RUS"]
[SourceTitle "CBM 170 Extra"]
[Source "ChessBase"]
[SourceDate "2016.02.25"]
[SourceVersion "1"]
[SourceVersionDate "2016.02.25"]
[SourceQuality "1"]

1. e4 c5 2. Nf3 d6 3. d4 cxd4 4. Nxd4 Nf6 5. Nc3 a6 6. Bg5 e6 7. f4 Qb6 8. Qd3 Qxb2 9. Rb1 Qa3 10. f5 Nc6 11. fxe6 fxe6 12. Nxc6 bxc6 13. Be2 Qa5 14. Bd2 Qc7 15. g4 Be7 16. g5 Nd7 17. 0-0 Ne5 18. Qh3 g6 19. Na4 Rb8 20. Ba5 Qxa5 21. Rxb8 Qc7 22. Qb3 Bd8 23. Ra8 a5 24. Rf6 Nf7 25. Bg4 0-0 26. Rf1 d5 27. h4 Be7 28. Qe3 d4 29. Qf4 Bd6 30. Qf6 Be7 31. Qf4 Bd6 32. Qf6 Be5 33. Qf3 Bg7 34. Nc5 Nd8 35. Nxe6 Bxe6 36. Rxd8 Qxd8 37. Bxe6+ Kh8 38. Qb3 Re8 39. Rf7 Qd6 40. Bd7 Rb8 41. Qf3 c5 42. Kg2 c4 43. h5 Qe5 44. Qg4 gxh5 45. Qf5 d3 46. cxd3 Rb2+ 47. Kf3 Qd6 48. e5 Qc5 49. d4 Qa3+ 50. Ke4 Rb8 51. Rxg7 Qd3+ 52. Kd5 Qxf5 53. Bxf5 Kxg7 54. Kxc4 Rb2 55. d5 Kf7 56. d6 Re2 57. Kd5 Rxa2 58. e6+ Ke8 59. Bxh7 Re2 60. Bg6+ Kd8 61. Bxh5 Re1 62. e7+ Rxe7 63. dxe7+ Kxe7 64. Kc5 Ke6 65. Kb5 Kf5 66. g6 Kf6 67. Kxa5 1-0

[Event "Moscow Victory Day op"]
[Site "Moscow"]
[Date "2013.05.10"]
[Round "4"]
[White "Dragomarezkij, Evgeni"]
[Black "Kovtunenko, Alexandr"]
[Result "1-0"]
[WhiteElo "2364"]
[BlackElo "2184"]
[PlyCount "91"]
[EventDate "2013.05.04"]
[EventType "swiss"]
[EventRounds "9"]
[EventCountry "RUS"]
[SourceTitle "CBM 154 Extra"]
[Source "ChessBase"]
[SourceDate "2013.06.25"]
[SourceVersion "2"]
[SourceVersionDate "2013.06.25"]
[SourceQuality "1"]

1. Nf3 Nf6 2. c4 g6 3. b4 Bg7 4. Bb2 0-0 5. e3 d6 6. d4 Nbd7 7. Be2 Qe8 8. Nc3 c6 9. 0-0 Ng4 10. Nd2 Nh6 11. b5 f5 12. bxc6 bxc6 13. Bf3 Nf6 14. Ba3 g5 15. g3 f4 16. Bg2 Bg4 17. Nf3 Qh5 18. exf4 gxf4 19. Qd3 fxg3 20. fxg3 Bxf3 21. Rxf3 Nfg4 22. h4 Rxf3 23. Bxf3 Nf5 24. Ne2 Nxd4 25. Nxd4 Qe5 26. Bxc6 Ne3 27. Kh2 Rf8 28. Nf3 Ng4+ 29. Kh3 Nf2+ 30. Kg2 Nxd3 31. Nxe5 Bxe5 32. Rd1 Nc5 33. Bf3 Nd7 34. Rb1 Nb6 35. c5 dxc5 36. Bxc5 Rc8 37. Bxe7 Rc2+ 38. Kh3 Kf7 39. Bg5 Kg7 40. Rb5 Bd4 41. Ra5 Nc4 42. Rd5 Bc3 43. Rd7+ Kf8 44. Bh6+ Ke8 45. Bc6 Na3 46. Rxa7+ 1-0

[Event "Voronezh op-A 15th"]
[Site "Voronezh"]
[Date "2011.06.20"]
[Round "8"]
[White "Arkhipov, Vladimir"]
[Black "Kovtunenko, Alexandr"]
[Result "1-0"]
[WhiteElo "2152"]
[BlackElo "2199"]
[PlyCount "104"]
[EventDate "2011.06.12"]
[EventType "swiss"]
[EventRounds "9"]
[EventCountry "RUS"]
[SourceTitle "CBM 143 Extra"]
[Source "ChessBase"]
[SourceDate "2011.08.29"]
[SourceVersion "1"]
[SourceVersionDate "2011.08.29"]
[SourceQuality "1"]

1. Nf3 f5 2. g3 Nf6 3. Bg2 g6 4. b3 Bg7 5. Bb2 0-0 6. 0-0 d6 7. d4 Nbd7 8. d5 Nc5 9. c4 a5 10. Nbd2 e5 11. dxe6 Bxe6 12. Qc2 Kh8 13. a3 Qe7 14. Nd4 Bg8 15. b4 axb4 16. axb4 Rxa1 17. Rxa1 Nce4 18. Nxe4 fxe4 19. Bh3 e3 20. f3 c5 21. bxc5 dxc5 22. Nb3 Rd8 23. Ra7 Qd6 24. Rxb7 Qd1+ 25. Qxd1 Rxd1+ 26. Bf1 Bxc4 27. Kg2 Rd5 28. Na5 Ba2 29. Re7 c4 30. Bc3 Rd8 31. Rxe3 Nd5 32. Bxg7+ Kxg7 33. Ra3 c3 34. Rxa2 Ne3+ 35. Kf2 c2 36. Nb3 Nd1+ 37. Kg2 Rb8 38. Ra7+ Kh6 39. Nc1 Rb1 40. Nd3 Nb2 41. Rc7 Nxd3 42. exd3 c1Q 43. Rxc1 Rxc1 44. Kf2 Rc2+ 45. Be2 Kg5 46. h4+ Kf5 47. Ke3 Rc1 48. d4 Rh1 49. Bd3+ Ke6 50. Be4 Re1+ 51. Kf4 Kd7 52. Kg5 Rd1 1-0

[Event "Voronezh op-A 15th"]
[Site "Voronezh"]
[Date "2011.06.16"]
[Round "5"]
[White "Pranizin, Gennady"]
[Black "Kovtunenko, Alexandr"]
[Result "1-0"]
[WhiteElo "2182"]
[BlackElo "2199"]
[PlyCount "123"]
[EventDate "2011.06.12"]
[EventType "swiss"]
[EventRounds "9"]
[EventCountry "RUS"]
[SourceTitle "CBM 143 Extra"]
[Source "ChessBase"]
[SourceDate "2011.08.29"]
[SourceVersion "1"]
[SourceVersionDate "2011.08.29"]
[SourceQuality "1"]

1. e4 e6 2. d4 d5 3. Nc3 Nf6 4. Bg5 Bb4 5. e5 h6 6. Bd2 Bxc3 7. bxc3 Ne4 8. Qg4 g6 9. Bd3 Nxd2 10. Kxd2 c5 11. h4 Nc6 12. Qf4 Bd7 13. Nf3 Qa5 14. Qf6 Rg8 15. Rab1 cxd4 16. Rxb7 dxc3+ 17. Ke2 Qd8 18. Qf4 Na5 19. Rbb1 h5 20. Ng5 Rg7 21. g4 Nc4 22. gxh5 gxh5 23. Rhg1 Qe7 24. Bxc4 dxc4 25. Qf3 Rc8 26. Ne4 Rxg1 27. Rxg1 Kd8 28. Nd6 Bc6 29. Qe3 Rc7 30. Rg8+ Kd7 31. Qf4 Bd5 32. Qd4 f6 33. Ne4 fxe5 34. Qxe5 Kc6 35. Rg6 Qh7 36. Qd6+ Kb7 37. Qb4+ Ka8 38. Qf8+ Kb7 39. Nc5+ Kc6 40. Nxe6 Qxg6 41. Qc5+ Kd7 42. Qxd5+ Ke7 43. Nxc7 Qxc2+ 44. Kf3 Qg6 45. Qxc4 Qf5+ 46. Ke3 c2 47. Kd2 Qxf2+ 48. Kc1 Kd6 49. Nb5+ Ke5 50. Qc7+ Kd5 51. Qd7+ Ke4 52. Qe6+ Kf4 53. Qf6+ Kg3 54. Qxf2+ Kxf2 55. Nxa7 Kg3 56. Nb5 Kxh4 57. a4 Kg3 58. a5 h4 59. a6 h3 60. a7 Kg2 61. a8Q+ Kg1 62. Nd4 1-0

[Event "Moscow op"]
[Site "Moscow"]
[Date "2011.01.03"]
[Round "1"]
[White "Ulko, Jaroslav"]
[Black "Kovtunenko, Alexandr"]
[Result "1-0"]
[WhiteElo "2451"]
[BlackElo "2213"]
[PlyCount "73"]
[EventDate "2011.01.03"]
[EventType "swiss"]
[EventRounds "9"]
[EventCountry "RUS"]
[SourceTitle "CBM 140 Extra"]
[Source "ChessBase"]
[SourceDate "2011.03.01"]
[SourceVersion "1"]
[SourceVersionDate "2011.03.01"]
[SourceQuality "1"]

1. d4 Nf6 2. c4 c5 3. d5 e6 4. Nc3 exd5 5. cxd5 d6 6. Nf3 g6 7. e4 Bg7 8. h3 0-0 9. Bd3 Re8 10. 0-0 a6 11. a4 b6 12. Re1 Ra7 13. Bf4 Nh5 14. Bg5 Bf6 15. Bh6 Nd7 16. Be2 Ng7 17. Qd2 Ne5 18. Ng5 Rae7 19. Qf4 Nd7 20. Rad1 Re5 21. h4 c4 22. Bxc4 Nf5 23. Ne6 Qe7 24. exf5 Rxf5 25. Qc1 fxe6 26. Rxe6 Qf7 27. Ne4 Bxh4 28. g3 Ne5 29. Nxd6 Nf3+ 30. Kh1 Rh5 31. Nxf7 Rxe6 32. dxe6 Bb7 33. Bd5 Bg5+ 34. Kg2 Ne1+ 35. Rxe1 Bxd5+ 36. f3 Bxc1 37. Bxc1 1-0

[Event "RSSU-18 op"]
[Site "Moscow"]
[Date "2009.10.30"]
[Round "9"]
[White "Kedrov, Valery V"]
[Black "Kovtunenko, Alexandr"]
[Result "1/2-1/2"]
[WhiteElo "2305"]
[BlackElo "2143"]
[PlyCount "114"]
[EventDate "2009.10.17"]
[EventType "swiss"]
[EventRounds "9"]
[EventCountry "RUS"]
[SourceTitle "EXT 2022"]
[Source "ChessBase"]
[SourceDate "2021.10.06"]
[SourceVersion "1"]
[SourceVersionDate "2021.10.06"]
[SourceQuality "1"]

1. e4 d5 2. exd5 Qxd5 3. Nc3 Qa5 4. d4 Nf6 5. Nf3 Bg4 6. h3 Bh5 7. g4 Bg6 8. Ne5 c6 9. Bg2 Nbd7 10. Qe2 e6 11. h4 Nxe5 12. dxe5 Nd5 13. Bxd5 exd5 14. h5 Bxc2 15. Qxc2 d4 16. Bd2 dxc3 17. Bxc3 Qd5 18. 0-0 Qf3 19. Qd1 Qh3 20. Qd4 Rd8 21. Qe4 Bc5 22. e6 f5 23. Qg2 Qh4 24. Rad1 Bxf2+ 25. Qxf2 Qxg4+ 26. Kh2 Qxh5+ 27. Kg2 Rxd1 28. Rxd1 Qxd1 29. Qxa7 0-0 30. Qxb7 Qg4+ 31. Kf2 f4 32. e7 Re8 33. Qb3+ Kh8 34. Qf7 Qg3+ 35. Kf1 Qf3+ 36. Ke1 Qe4+ 37. Kf1 Qd3+ 38. Ke1 Qg3+ 39. Kf1 Qf3+ 40. Ke1 Qh1+ 41. Kf2 Qh2+ 42. Kf1 Qh3+ 43. Kf2 Qh2+ 44. Ke1 Qg1+ 45. Kd2 Qg2+ 46. Ke1 Qg1+ 47. Kd2 Qg2+ 48. Kc1 Qg1+ 49. Kd2 Qg2+ 50. Ke1 Qg1+ 51. Kd2 Qg2+ 52. Ke1 Qg1+ 53. Kd2 Qg2+ 54. Kc1 Qg1+ 55. Kd2 Qg2+ 56. Ke1 Qg1+ 57. Kd2 Qg2+ 1/2-1/2

[Event "RSSU-18 op"]
[Site "Moscow"]
[Date "2009.10.24"]
[Round "5"]
[White "Trofimovsky, Alexander"]
[Black "Kovtunenko, Alexandr"]
[Result "1/2-1/2"]
[WhiteElo "2205"]
[BlackElo "2143"]
[PlyCount "118"]
[EventDate "2009.10.17"]
[EventType "swiss"]
[EventRounds "9"]
[EventCountry "RUS"]
[SourceTitle "EXT 2022"]
[Source "ChessBase"]
[SourceDate "2021.10.06"]
[SourceVersion "1"]
[SourceVersionDate "2021.10.06"]
[SourceQuality "1"]

1. c4 e6 2. Nf3 d5 3. b3 Nf6 4. g3 Nbd7 5. Bg2 b6 6. 0-0 Ba6 7. cxd5 exd5 8. Nc3 Nc5 9. b4 Ncd7 10. Qa4 Bb7 11. Ne5 c5 12. bxc5 Bxc5 13. d4 Be7 14. Bh3 a6 15. Bg5 b5 16. Qb3 Nb6 17. Bg2 0-0 18. Rad1 b4 19. Na4 Nxa4 20. Qxa4 Ne4 21. Bxe7 Qxe7 22. Qd7 Rfe8 23. e3 Nc3 24. Rd2 f6 25. Qxe7 Rxe7 26. Nd3 a5 27. Nc5 Bc6 28. Rb2 Bb5 29. Ra1 Bc4 30. Bf1 Rb8 31. Rc1 Rd8 32. a3 bxa3 33. Rbc2 Bxf1 34. Rxc3 Bh3 35. Rxa3 Ra7 36. f3 Rb8 37. Ra2 h5 38. Kf2 Bf5 39. Rca1 Rb5 40. e4 Bg6 41. Ke3 Bf7 42. Ra3 Kf8 43. h4 Ke7 44. Nb3 dxe4 45. Nxa5 Rc7 46. fxe4 Rb2 47. d5 f5 48. R1a2 Rxa2 49. Rxa2 Rc3+ 50. Kf4 fxe4 51. Kxe4 Rxg3 52. Rf2 Bg6+ 53. Kd4 Rg4+ 54. Kc5 Rxh4 55. Nc6+ Ke8 56. d6 Re4 57. Kd5 Re1 58. Ne5 Be4+ 59. Kd4 Rd1+ 1/2-1/2

[Event "RSSU-18 op"]
[Site "Moscow"]
[Date "2009.10.18"]
[Round "2"]
[White "Babarykin, Stanislav"]
[Black "Kovtunenko, Alexandr"]
[Result "1/2-1/2"]
[WhiteElo "2186"]
[BlackElo "2143"]
[PlyCount "135"]
[EventDate "2009.10.17"]
[EventType "swiss"]
[EventRounds "9"]
[EventCountry "RUS"]
[SourceTitle "EXT 2022"]
[Source "ChessBase"]
[SourceDate "2021.10.06"]
[SourceVersion "1"]
[SourceVersionDate "2021.10.06"]
[SourceQuality "1"]

1. e4 c5 2. Nf3 d6 3. d4 cxd4 4. Nxd4 Nf6 5. Nc3 g6 6. Be3 Bg7 7. f3 0-0 8. Qd2 Nc6 9. Bc4 Bd7 10. 0-0-0 Ne5 11. Bb3 Rc8 12. Kb1 Nc4 13. Bxc4 Rxc4 14. g4 Qa5 15. Nb3 Qa6 16. g5 Nh5 17. Nd5 e6 18. Nf6+ Nxf6 19. gxf6 Bxf6 20. Qxd6 Bc6 21. Bd4 Bxd4 22. Rxd4 Rc8 23. Rxc4 Qxc4 24. Re1 Ba4 25. Qd2 e5 26. Rd1 b6 27. Na1 Bc6 28. b3 Qe6 29. c3 f5 30. Nc2 fxe4 31. fxe4 Bxe4 32. Kb2 Rf8 33. Ne3 b5 34. Re1 Rf7 35. Qe2 Kg7 36. Ng4 Rf4 37. Qxb5 Rxg4 38. Rxe4 Rxe4 39. Qb7+ Qf7 40. Qxe4 Qf2+ 41. Qc2 Qf3 42. c4 e4 43. c5 e3 44. Qc3+ Kf7 45. c6 Qf2+ 46. Ka3 e2 47. c7 e1Q 48. Qxe1 Qxe1 49. c8Q Qa5+ 50. Kb2 Qe5+ 51. Ka3 Qd6+ 52. b4 a5 53. Qc4+ Kg7 54. Qc3+ Kh6 55. Qh3+ Kg7 56. Qc3+ Kf7 57. Qc4+ Kf6 58. Qc3+ Kf5 59. Qc5+ Ke6 60. Qxd6+ Kxd6 61. bxa5 g5 62. Kb3 h5 63. Kc3 g4 64. Kd3 h4 65. Ke3 Kc6 66. Kf4 g3 67. hxg3 hxg3 68. Kxg3 1/2-1/2

[Event "Serpukhov"]
[Site "Serpukhov"]
[Date "2009.05.06"]
[Round "11"]
[White "Kovtunenko, Alexandr"]
[Black "Odnorozhenko, Evgenyi"]
[Result "0-1"]
[WhiteElo "2188"]
[BlackElo "2392"]
[PlyCount "90"]
[EventDate "2009.05.01"]
[EventType "tourn"]
[EventRounds "15"]
[EventCountry "RUS"]
[SourceTitle "EXT 2011"]
[Source "ChessBase"]
[SourceDate "2010.11.26"]
[SourceVersion "1"]
[SourceVersionDate "2010.11.26"]
[SourceQuality "1"]

1. e4 c5 2. Nf3 e6 3. d4 cxd4 4. Nxd4 a6 5. Be2 Nf6 6. Nc3 Qc7 7. f4 d6 8. 0-0 Be7 9. Bf3 0-0 10. Be3 Nbd7 11. Qe1 Rb8 12. a4 Re8 13. Qf2 Bf8 14. g4 e5 15. g5 exd4 16. Bxd4 Nxe4 17. Bxe4 Nc5 18. Nd5 Qd8 19. Bxh7+ Kxh7 20. Qh4+ Kg8 21. Nf6+ gxf6 22. Bxf6 Bg7 23. Bxd8 Rxd8 24. f5 Re8 25. f6 Re4 26. Rf4 Rxf4 27. Qxf4 Bf8 28. Re1 Bd7 29. h4 Rc8 30. g6 fxg6 31. Qg5 Bf5 32. h5 Ne4 33. Rxe4 Bxe4 34. hxg6 Rxc2 35. Qh4 Bxg6 36. Qg4 Kf7 37. Qd7+ Kxf6 38. Qxb7 Bh6 39. Qxa6 Be3+ 40. Kf1 Bf4 41. Qb6 Bd3+ 42. Ke1 Ke5 43. Qb7 Rc1+ 44. Kf2 Rf1+ 45. Kg2 Be4+ 0-1

[Event "Serpukhov"]
[Site "Serpukhov"]
[Date "2009.05.05"]
[Round "9"]
[White "Kovtunenko, Alexandr"]
[Black "Antipov, Mikhail Al"]
[Result "1-0"]
[WhiteElo "2188"]
[BlackElo "2208"]
[PlyCount "81"]
[EventDate "2009.05.01"]
[EventType "tourn"]
[EventRounds "15"]
[EventCountry "RUS"]
[SourceTitle "EXT 2011"]
[Source "ChessBase"]
[SourceDate "2010.11.26"]
[SourceVersion "1"]
[SourceVersionDate "2010.11.26"]
[SourceQuality "1"]

1. e4 c5 2. Nf3 d6 3. d4 cxd4 4. Nxd4 Nf6 5. Nc3 g6 6. Be3 Bg7 7. f3 0-0 8. Qd2 Nc6 9. g4 Be6 10. 0-0-0 Nxd4 11. Bxd4 Qa5 12. Kb1 Rfc8 13. a3 Rab8 14. g5 Nh5 15. Nd5 Qxd2 16. Rxd2 Bxd5 17. exd5 Bxd4 18. Rxd4 f5 19. Bd3 Kf7 20. Rc1 a5 21. Ka2 b6 22. Bb5 h6 23. h4 hxg5 24. hxg5 Rh8 25. Rh1 Ng3 26. Rhh4 Rbc8 27. Kb3 e5 28. dxe6+ Kxe6 29. Bc4+ Ke7 30. Ka4 Rxh4 31. Rxh4 Nh5 32. Kb5 f4 33. b4 axb4 34. axb4 Rb8 35. Bd3 Kf7 36. Kc6 Kg7 37. Kc7 Re8 38. Kxb6 d5 39. Kc5 Re3 40. b5 Rxf3 41. b6 1-0

[Event "Serpukhov"]
[Site "Serpukhov"]
[Date "2009.05.02"]
[Round "2"]
[White "Kovtunenko, Alexandr"]
[Black "Lavretzkij, Roman"]
[Result "0-1"]
[WhiteElo "2188"]
[BlackElo "2320"]
[PlyCount "76"]
[EventDate "2009.05.01"]
[EventType "tourn"]
[EventRounds "15"]
[EventCountry "RUS"]
[SourceTitle "EXT 2011"]
[Source "ChessBase"]
[SourceDate "2010.11.26"]
[SourceVersion "1"]
[SourceVersionDate "2010.11.26"]
[SourceQuality "1"]

1. e4 c5 2. Nf3 Nc6 3. Bb5 g6 4. 0-0 Bg7 5. c3 a6 6. Bxc6 dxc6 7. d3 Nf6 8. Be3 c4 9. e5 Ng4 10. Bd4 cxd3 11. b4 Nh6 12. c4 0-0 13. a4 Bg4 14. Bc3 Nf5 15. h3 Bxf3 16. Qxf3 Nd4 17. Qe4 Ne2+ 18. Kh1 f5 19. exf6 exf6 20. Bb2 f5 21. Qe6+ Rf7 22. Bxg7 Kxg7 23. Qe3 Qd4 24. Qxd4+ Nxd4 25. Ra3 Nc2 26. Rb3 Rd8 27. Rd1 Re7 28. Nd2 Kf6 29. a5 Red7 30. Rdb1 Re8 31. Rd1 g5 32. g4 fxg4 33. hxg4 Re2 34. f3 Ke5 35. b5 Ne3 36. bxa6 bxa6 37. Rdb1 Rd6 38. f4+ Kxf4 0-1

[Event "Serpukhov"]
[Site "Serpukhov"]
[Date "2009.05.01"]
[Round "15"]
[White "Kovtunenko, Alexandr"]
[Black "Terzi, Alexei"]
[Result "1/2-1/2"]
[WhiteElo "2188"]
[BlackElo "1820"]
[PlyCount "70"]
[EventDate "2009.05.01"]
[EventType "tourn"]
[EventRounds "15"]
[EventCountry "RUS"]
[SourceTitle "EXT 2011"]
[Source "ChessBase"]
[SourceDate "2010.11.26"]
[SourceVersion "1"]
[SourceVersionDate "2010.11.26"]
[SourceQuality "1"]

1. e4 c5 2. Nf3 e6 3. d4 cxd4 4. Nxd4 a6 5. Be2 Qc7 6. Nc3 Nf6 7. f4 Bb4 8. 0-0 Bxc3 9. bxc3 Nxe4 10. f5 e5 11. Nf3 0-0 12. Qd3 Nxc3 13. f6 e4 14. Qe3 Nxe2+ 15. Qxe2 Qb6+ 16. Be3 Qxf6 17. Nd4 Qg6 18. Nf5 Nc6 19. Bc5 d5 20. Bxf8 Bxf5 21. Bc5 d4 22. Qf2 Bh3 23. Rab1 e3 24. Qg3 Qxg3 25. hxg3 Be6 26. Rxb7 Rc8 27. a3 h5 28. Rb6 a5 29. Re1 Bf5 30. c3 dxc3 31. Bxe3 c2 32. Rb5 g6 33. Rc5 Be4 34. Bg5 f5 35. Kf2 Kf7 1/2-1/2

[Event "Serpukhov"]
[Site "Serpukhov"]
[Date "2009.05.01"]
[Round "1"]
[White "Matsenko, Elena"]
[Black "Kovtunenko, Alexandr"]
[Result "1/2-1/2"]
[WhiteElo "2094"]
[BlackElo "2188"]
[PlyCount "114"]
[EventDate "2009.05.01"]
[EventType "tourn"]
[EventRounds "15"]
[EventCountry "RUS"]
[SourceTitle "EXT 2011"]
[Source "ChessBase"]
[SourceDate "2010.11.26"]
[SourceVersion "1"]
[SourceVersionDate "2010.11.26"]
[SourceQuality "1"]

1. e4 e6 2. d4 d5 3. exd5 exd5 4. Bf4 Bd6 5. Bxd6 Qxd6 6. c3 Bf5 7. Bd3 Qe6+ 8. Ne2 Nf6 9. 0-0 0-0 10. Bxf5 Qxf5 11. Ng3 Qg6 12. Nd2 Nbd7 13. Nf3 Ne4 14. Qb3 Nxg3 15. hxg3 Qc6 16. Rfe1 Rae8 17. Qc2 Nf6 18. Rxe8 Rxe8 19. Ne5 Qb6 20. Nf3 Ne4 21. Re1 Re6 22. Nd2 Nf6 23. Rxe6 Qxe6 24. Nf3 Ng4 25. a3 Qe4 26. Qd1 f6 27. Nd2 Qf5 28. Qe2 h5 29. Nf1 Qd7 30. f3 Nh6 31. Kf2 Kf7 32. Nd2 g6 33. Nf1 b6 34. Ne3 a5 35. Nc2 Qd6 36. Ne3 Qd7 37. Nc2 Qe7 38. Ne3 c6 39. Qa6 Qc7 40. b4 g5 41. Qd3 Kg7 42. Nf5+ Nxf5 43. Qxf5 axb4 44. axb4 Qa7 45. Qc2 c5 46. bxc5 bxc5 47. Qb2 Qc7 48. Qe2 cxd4 49. cxd4 Qd6 50. Qe8 h4 51. gxh4 gxh4 52. Qh5 Qf4 53. Qxd5 Qd2+ 54. Kf1 Qd1+ 55. Kf2 Qd2+ 56. Kf1 Qd1+ 57. Kf2 Qd2+ 1/2-1/2

[Event "Moscow op-B"]
[Site "Moscow"]
[Date "2009.02.03"]
[Round "4"]
[White "Gaboev, Batraz"]
[Black "Kovtunenko, Alexandr"]
[Result "0-1"]
[WhiteElo "2120"]
[BlackElo "2294"]
[PlyCount "74"]
[EventDate "2009.01.31"]
[EventType "swiss"]
[EventRounds "9"]
[EventCountry "RUS"]
[SourceTitle "EXT 2012"]
[Source "ChessBase"]
[SourceDate "2011.11.24"]
[SourceVersion "1"]
[SourceVersionDate "2011.11.24"]
[SourceQuality "1"]

1. e4 e6 2. d4 d5 3. exd5 exd5 4. Bd3 Bd6 5. Nc3 c6 6. Nge2 Qc7 7. Bg5 Ne7 8. Qd2 0-0 9. 0-0-0 b5 10. Kb1 a5 11. Ng3 a4 12. Nh5 f6 13. Be3 b4 14. Ne2 b3 15. Nxg7 a3 16. cxb3 Na6 17. Bh6 Nb4 18. Qe3 Nxd3 19. Ne6 Nf5 20. Qxd3 Bxe6 21. Bxf8 Bxf8 22. g4 Nd6 23. f3 Bf7 24. Ng3 Qa5 25. Rd2 Kh8 26. Rc2 axb2 27. a4 Qb4 28. Rxb2 Rb8 29. Qc2 Qxd4 30. Rd1 Qe5 31. Qe2 Bg6+ 32. Ka2 Qf4 33. Nh5 Qb4 34. Nxf6 Nc4 35. Rd3 Qa3+ 36. Kb1 Bxd3+ 37. Qxd3 Qxb2# 0-1

[Event "Moscow op-B"]
[Site "Moscow"]
[Date "2009.02.01"]
[Round "3"]
[White "Kovtunenko, Alexandr"]
[Black "Manukyan, Sargis V"]
[Result "0-1"]
[WhiteElo "2294"]
[BlackElo "2198"]
[PlyCount "80"]
[EventDate "2009.01.31"]
[EventType "swiss"]
[EventRounds "9"]
[EventCountry "RUS"]
[SourceTitle "EXT 2012"]
[Source "ChessBase"]
[SourceDate "2011.11.24"]
[SourceVersion "1"]
[SourceVersionDate "2011.11.24"]
[SourceQuality "1"]

1. e4 e6 2. d4 d5 3. Nc3 Bb4 4. e5 Ne7 5. a3 Bxc3+ 6. bxc3 c5 7. Qg4 0-0 8. Bd3 Nbc6 9. Qh5 Ng6 10. Nf3 Qc7 11. 0-0 c4 12. Be2 b5 13. a4 bxa4 14. Ng5 h6 15. Nh3 Nce7 16. g4 f6 17. exf6 Rxf6 18. f4 Bd7 19. f5 exf5 20. g5 hxg5 21. Bxg5 Re6 22. Bd2 Nf8 23. Bf3 Qa5 24. Rfe1 Rxe1+ 25. Bxe1 Neg6 26. Ng5 Re8 27. Bg3 Bc6 28. Bd6 Qxc3 29. Rf1 Qxd4+ 30. Kh1 Qf6 31. Bc5 Nf4 32. Qh4 N4e6 33. Bxf8 Qxg5 34. Qe1 Nxf8 35. Qa5 Qd8 36. Qc5 Ba8 37. Qd4 Ne6 38. Qxa7 d4 39. Qxa4 Bxf3+ 40. Rxf3 Qa8 0-1